01719nam a22002177a 450000500170000000800410001702000140005804001050007208200280017711000920020524500810029726000480037830000100042650504980043665001750093471000110110985601350112094200160125599900170127195202130128820260618110257.0260618b |||||||| |||| 00| 0 spa d a3117-2830 aInstituto Dominicano de Evaluación e Investigación de la Calidad Educativa , IDEICEcIDEICEeRDA aIdeice 370.72 I59i 2022 aInstituto Dominicano de Evaluación e Investigación de la Calidad Educativa , IDEICE aInforme programa Conoce tu Regional Investigando, primera cohorte año 2022 aSanto Domingo, República Dominicanac2026 c268p. aEl Informe de la Primera Cohorte 2022 del programa “Conoce tu Regional Investigando” evidencia el compromiso con el fortalecimiento de la cultura de investigación y evaluación en el sistema educativo dominicano. Esta iniciativa tuvo como propósito promover la reflexión crítica sobre la práctica educativa, incentivar la generación de conocimiento desde los contextos regionales y aportar evidencias para la toma de decisiones orientadas a la mejora de la calidad educativa.  aInvestigación Educativa--República Dominicana; Habilidades parentales, Orientación educativa; Relaciones familiares; Acompañamiento socioemocional del estudiante. aIDEICE uhttps://ideice.gob.do/documentacion/publicaciones-id-238-informe-programa-conoce-tu-regional-investigando-primera-cohorte-ano-2022 2ddccLIBn0 c14662d14662 00102ddc4070aRIbRId2026-06-18l0r2026-06-18 11:01:04uhttps://ideice.gob.do/documentacion/publicaciones-id-238-informe-programa-conoce-tu-regional-investigando-primera-cohorte-ano-2022w2026-06-18yLIB